আদ্যের গম্ভীরা : (Record no. 58282)
[ view plain ]
| 000 -LEADER | |
|---|---|
| fixed length control field | 00902nam a2200217 a 4500 |
| 001 - CONTROL NUMBER | |
| control field | 58282 |
| 003 - CONTROL NUMBER IDENTIFIER | |
| rucl marc code | BD-RjUL |
| 005 - DATE AND TIME OF LATEST TRANSACTION | |
| control field | 20211209080614.0 |
| 008 - FIXED-LENGTH DATA ELEMENTS--GENERAL INFORMATION | |
| fixed length control field | 161217s1992 ii ||||e |||| 00| 0 ben d |
| 035 ## - SYSTEM CONTROL NUMBER | |
| System control number | (BD-RjUL)58406 |
| 040 ## - CATALOGING SOURCE | |
| Original cataloging agency | BD-RjUL |
| Language of cataloging | ben |
| Transcribing agency | BD-RjUL |
| Modifying agency | BD-RjUL |
| 041 ## - LANGUAGE CODE | |
| Language code of text/sound track or separate title | ben |
| 082 ## - DEWEY DECIMAL CLASSIFICATION NUMBER | |
| Classification number | 782.42162 |
| Author mark and year | PAA 1912 |
| Edition number | 23 |
| 100 ## - MAIN ENTRY--PERSONAL NAME | |
| Personal name | পালিত, হরিদাস |
| 9 (RLIN) | 118422 |
| 245 10 - TITLE STATEMENT | |
| Title | আদ্যের গম্ভীরা : |
| Remainder of title | বাঙ্গালার ধর্ম্ম ও সামাজিক ইতিহাসের এক অধ্যায় / |
| Statement of responsibility, etc. | হরিদাস পালিত |
| 260 ## - PUBLICATION, DISTRIBUTION, ETC. (IMPRINT) | |
| Place of publication, distribution, etc. | কলকাতা : |
| Name of publisher, distributor, etc. | শ্রীযুক্ত বিপিনবিহারী ঘোষ, |
| Date of publication, distribution, etc. | ১৯১২ |
| 300 ## - PHYSICAL DESCRIPTION | |
| Pagination | বিভিন্ন পৃ. ; |
| Size | ১৯ সেমি. |
| 650 ## - SUBJECT ADDED ENTRY--TOPICAL TERM | |
| Topical term or geographic name as entry element | লোক সংগীত |
| 9 (RLIN) | 118423 |
| Topical term or geographic name as entry element | Folk song |
| 9 (RLIN) | 118424 |
| 942 ## - ADDED ENTRY ELEMENTS (KOHA) | |
| Source of classification or shelving scheme | Dewey Decimal Classification |
| Koha item type | Books |
| Lost status | Source of classification or shelving scheme | Damaged status | Not for loan | Collection code | Permanent Location | Current Location | Shelving location | Date acquired | Source of acquisition | Total Checkouts | Full call number | Date last seen | Copy number | Koha item type |
|---|---|---|---|---|---|---|---|---|---|---|---|---|---|---|
| Dewey Decimal Classification | Not For Loan | Non-fiction | Central Library, University of Rajshahi | Central Library, University of Rajshahi | Reading Room | 05/12/1955 | Rajbati, Gift | B 782.42162 PAA 1912 | 17/12/2016 | C-1 | Books |